000 00656nam a2200241Ia 4500
003 OSt
005 20220918185622.0
006 a|||||r|||| 00| 0
007 ta
008 220917b |||||||| |||| 00| 0 eng d
024 _a51,725
037 _cTextual
040 _aARTS
_cARTS
_beng
041 _2eng
_aeng
082 _aP111,36:3, M5
100 _aCresswell M J
_921116
245 0 _aAdverbial medification
_b interval semantic and its rivals
260 _aDordrecht
_bD Reidel
_c1985
300 _avii, 229p.
_ccm.
650 _aLINGUISTICS
942 _hP111,36:3, M5
_cTEXL
_2CC
999 _c181317
_d181317